Statistics for Top 50 Countries with the most English Speakers

Click here to take the quiz!

General Stats

  • This quiz has been taken 85 times
    (38 since last reset)
  • The average score is 38 of 50

Answer Stats

AnswerNumber% Correct
India907 Million
100%
United Kingdom66 Million
100%
France14 Million
97%
Italy12 Million
97%
United States320 Million
97%
Brazil26 Million
94%
Canada35 Million
94%
Germany42 Million
94%
Pakistan104 Million
94%
Russia25 Million
94%
Australia24 Million
90%
South Africa34 Million
90%
Spain10 Million
90%
China79 Million
87%
Mexico14 Million
87%
New Zealand4.6 Million
87%
Nigeria157 Million
87%
Indonesia37 Million
84%
Japan28 Million
84%
Sweden9.5 Million
84%
Argentina10 Million
81%
Bangladesh99 Million
81%
Kenya30 Million
81%
Netherlands10 Million
81%
Turkey15 Million
81%
Egypt70 Million
77%
Malaysia22 Million
77%
Iran11 Million
74%
Ireland4.7 Million
74%
Philippines86 Million
74%
Thailand9.8 Million
74%
Uganda23 Million
74%
Vietnam16 Million
74%
Ghana19 Million
71%
South Korea12 Million
71%
Tanzania48 Million
71%
Iraq20 Million
68%
Sudan16 Million
68%
Ethiopia18 Million
65%
Taiwan9.3 Million
65%
Myanmar12 Million
61%
Singapore4.5 Million
61%
Democratic Republic of the Congo7.3 Million
58%
Colombia8.8 Million
55%
Romania6.9 Million
55%
Nepal9.2 Million
52%
Sri Lanka9 Million
52%
Afghanistan11 Million
48%
Malawi8.6 Million
45%
Zambia8.3 Million
45%

Score Distribution

Percentile by Number Answered

Percent of People with Each Score

Your Score History

You have not taken this quiz since the last reset